[Event "Muehlhaeusen op"]
[Site "Muehlhausen"]
[Date "2007.05.19"]
[Round "6.12"]
[White "Loerke, Reinhard"]
[Black "Kachel, Alfred"]
[Result "0-1"]
[WhiteElo "2020"]
[BlackElo "2107"]
[PlyCount "72"]
[EventDate "2007.05.16"]
[EventType "swiss"]
[EventRounds "7"]
[EventCountry "GER"]
[SourceTitle "CBM 118 Extra"]
[Source "ChessBase"]
[SourceDate "2007.07.04"]
[SourceVersion "1"]
[SourceVersionDate "2007.07.04"]
[SourceQuality "1"]

1. e4 c6 2. d4 g6 3. Bd3 Bg7 4. Ne2 d5 5. e5 h5 6. Nf4 Nh6 7. e6 Nf5 8. Bxf5 gxf5 9. Nxh5 Bxd4 10. Qxd4 Rxh5 11. exf7+ Kxf7 12. Bf4 Qh8 13. Be5 Qg8 14. Nc3 Qg4 15. f4 Nd7 16. Qf2 Nxe5 17. h3 Ng6 18. hxg4 Rxh1+ 19. Ke2 Rxa1 20. g5 b6 21. g4 Ba6+ 22. Kd2 Rf1 23. Qe3 Rh8 24. Qg3 Rfh1 25. gxf5 R8h2+ 26. Ne2 Nxf4 27. g6+ Kg8 28. Ke3 Rh3 29. Kxf4 Rxg3 30. Nxg3 Rh3 31. Kg4 Rh2 32. Kf4 Rxc2 33. Nh5 Rxb2 34. Kg5 Rg2+ 35. Kh6 Rh2 36. Kg5 Rxh5+ 0-1

[Event "Baunatal op 7th"]
[Site "Baunatal"]
[Date "2001.08.15"]
[Round "7"]
[White "Kachel, Alfred"]
[Black "Klink, Robert"]
[Result "1/2-1/2"]
[WhiteElo "1997"]
[BlackElo "2186"]
[PlyCount "45"]
[EventDate "2001.08.08"]
[EventType "swiss"]
[EventRounds "7"]
[EventCountry "GER"]
[SourceTitle "EXT 2002"]
[Source "ChessBase"]
[SourceDate "2001.11.25"]
[SourceVersion "1"]
[SourceVersionDate "2001.11.25"]
[SourceQuality "1"]

1. d4 d5 2. c4 c6 3. Nc3 Nf6 4. Nf3 e6 5. Bg5 h6 6. Bd2 Nbd7 7. e3 Be7 8. Bd3 dxc4 9. Bxc4 b5 10. Be2 Bb7 11. 0-0 0-0 12. a3 a6 13. b4 a5 14. Qb3 axb4 15. axb4 Qb6 16. Qb2 Nd5 17. Ne4 Rfb8 18. Nc5 Nxc5 19. dxc5 Qc7 20. e4 Nf4 21. Bc3 Nxe2+ 22. Qxe2 f6 23. e5 1/2-1/2

[Event "Baunatal op 7th"]
[Site "Baunatal"]
[Date "2001.08.14"]
[Round "4"]
[White "Kachel, Alfred"]
[Black "Geisser, Gerd"]
[Result "1/2-1/2"]
[WhiteElo "1997"]
[BlackElo "1708"]
[PlyCount "101"]
[EventDate "2001.08.08"]
[EventType "swiss"]
[EventRounds "7"]
[EventCountry "GER"]
[SourceTitle "EXT 2002"]
[Source "ChessBase"]
[SourceDate "2001.11.25"]
[SourceVersion "1"]
[SourceVersionDate "2001.11.25"]
[SourceQuality "1"]

1. d4 d5 2. c4 c6 3. Nc3 Nf6 4. Nf3 dxc4 5. e3 Nd5 6. Bxc4 e6 7. e4 Nxc3 8. bxc3 Be7 9. 0-0 0-0 10. Qd3 Nd7 11. Re1 b5 12. Bb3 Nc5 13. Qc2 Nxb3 14. axb3 Bb7 15. Ba3 Bxa3 16. Rxa3 Qe7 17. Rea1 a6 18. b4 f6 19. e5 fxe5 20. Nxe5 Qg5 21. Qc1 Qe7 22. Qe3 Rf6 23. R3a2 Raf8 24. f3 Rh6 25. Nd3 Qh4 26. g3 Qh5 27. f4 Qh3 28. Nc5 Bc8 29. Rf2 Rh4 30. Raa2 Rh6 31. Nxa6 Qf5 32. Nc5 Qb1+ 33. Kg2 e5 34. h4 exf4 35. Qd3 f3+ 36. Kh2 Qxd3 37. Nxd3 g5 38. Kg1 gxh4 39. gxh4 Be6 40. Ra7 Rg6+ 41. Kh2 Bd5 42. Re7 Rf5 43. Ne1 Rf4 44. Kh3 Be6+ 45. Rxe6 Rxe6 46. Kg3 Rfe4 47. Nd3 Re3 48. Rxf3 Rxf3+ 49. Kxf3 Kg7 50. Ne5 Kf6 51. Ke4 1/2-1/2